000 01240nam0a2200337 4500
001 RU\NLR\BIBL_A\022667057
005 20251204140935.0
010 _a978-5-0067-9209-8
021 _aRU
_bКН-П-25-059435
_9КН-П-25-5722
035 _a(NLR Aleph) 022667057
090 _a13498182
_c13498182
100 _a20251117d2025 u y0rusy50 ca
101 0 _arus
102 _aRU
105 _aa z 000ay
181 0 _ai3
_baxxe
182 0 _an
200 1 _aСлучайное имя
_e[мистический роман]
_fАлександр Георгиевич Асмолов
_g[иллюстратор Луиза Гельтс]
203 _aТекст
_bвизуальный
_cнепосредственный
210 _a[Б. м.]
_cИздательские решения
_d2025
215 _a356, [2] с.
_cил.
_d21
320 _aДр. кн. авт. на 4-й с. обл.
333 _a18+
686 2 _aШ6(2=Р)8-445
700 1 _aАсмолов
_bА. Г.
_cписатель
_f1953-
_gАлександр Георгиевич
_3RU\NLR\AUTH\7778576
702 1 _aГельтс
_bЛ.
_gЛуиза
_4040
942 _cBOOK
980 _aNB